[Event "GRE-chT 50th"]
[Site "Nikaia"]
[Date "2023.08.26"]
[Round "3.2"]
[White "Bizopoulos, Alexandros"]
[Black "Tsakiris, Haralambos"]
[Result "1/2-1/2"]
[WhiteElo "2055"]
[BlackElo "2171"]
[PlyCount "80"]
[EventDate "2023.08.25"]
[EventType "team"]
[EventRounds "9"]
[EventCountry "GRE"]
[SourceTitle "EXT 2024"]
[Source "ChessBase"]
[SourceDate "2023.10.10"]
[SourceVersion "1"]
[SourceVersionDate "2023.10.10"]
[SourceQuality "1"]
[WhiteTeam "Kalamarias"]
[BlackTeam "Pneemathlon"]
[WhiteTeamCountry "GRE"]
[BlackTeamCountry "GRE"]

1. Nf3 d5 2. g3 c6 3. Bg2 Bg4 4. 0-0 Nd7 5. d3 Ngf6 6. Nbd2 e6 7. h3 Bh5 8. Qe1 Be7 9. e4 0-0 10. Nh2 Bc5 11. Kh1 e5 12. f4 exf4 13. gxf4 dxe4 14. Nxe4 Re8 15. Be3 Bxe3 16. Qxe3 Nd5 17. Qf2 f5 18. Ng3 N7f6 19. Rae1 g6 20. Re5 Qb6 21. Bxd5+ cxd5 22. Qxb6 axb6 23. a3 Kf7 24. Rfe1 d4 25. Kg1 Rac8 26. Rxe8 Rxe8 27. Kf2 Rc8 28. Rc1 Nd5 29. Nxh5 gxh5 30. Kf3 Ne3 31. c3 Nd5 32. c4 Ne3 33. Nf1 Nxf1 34. Rxf1 Re8 35. Kg2 Re2+ 36. Rf2 Re3 37. Rf3 Re2+ 38. Rf2 Re3 39. Rf3 Re1 40. Rf1 Re2+ 1/2-1/2

[Event "GRE-chT 49th"]
[Site "Thessaloniki"]
[Date "2022.08.17"]
[Round "7"]
[White "Bizopoulos, Alexandros"]
[Black "Papakonstantinou, Dimitrios1111"]
[Result "1-0"]
[WhiteElo "2038"]
[BlackElo "2032"]
[PlyCount "99"]
[EventDate "2022.08.12"]
[EventType "team-swiss"]
[EventRounds "7"]
[EventCountry "GRE"]
[SourceTitle "EXT 2024"]
[Source "ChessBase"]
[SourceDate "2023.10.10"]
[SourceVersion "1"]
[SourceVersionDate "2023.10.10"]
[SourceQuality "1"]
[WhiteTeam "Kalamarias"]
[BlackTeam "Patras EA"]
[WhiteTeamCountry "GRE"]
[BlackTeamCountry "GRE"]

1. Nf3 Nf6 2. g3 b6 3. Bg2 Bb7 4. 0-0 e6 5. c4 c5 6. b3 Be7 7. Bb2 d6 8. e3 a6 9. Nc3 Nbd7 10. d4 cxd4 11. exd4 Qc7 12. Re1 0-0 13. Rc1 Rfe8 14. a4 Rac8 15. Ba3 Qb8 16. Nd2 Bxg2 17. Kxg2 Bf8 18. Qf3 h6 19. h4 h5 20. Nde4 Nxe4 21. Nxe4 d5 22. Ng5 Nf6 23. Bxf8 Rxf8 24. cxd5 exd5 25. Rxc8 Qxc8 26. Re7 Qc6 27. Qf4 Qc3 28. Qc7 Qxd4 29. Rxf7 Rxf7 30. Qxf7+ Kh8 31. Qxg7+ Kxg7 32. Ne6+ Kf7 33. Nxd4 Ke7 34. f3 Kd6 35. Kf2 Kc5 36. Ke3 Kb4 37. Kd2 Ka3 38. Kc3 Ka2 39. Nc2 Kb1 40. Nb4 a5 41. Nd3 Ka2 42. Nc1+ Kb1 43. Ne2 Ka2 44. Nd4 Kb1 45. Nc6 Ka2 46. Ne5 d4+ 47. Kc4 Kb2 48. g4 hxg4 49. fxg4 Kc2 50. g5 1-0

[Event "GRE-chT 49th"]
[Site "Thessaloniki"]
[Date "2022.08.14"]
[Round "4.8"]
[White "Bizopoulos, Alexandros"]
[Black "Kourkoulos Arditis, Stamatis"]
[Result "0-1"]
[WhiteElo "2038"]
[BlackElo "2535"]
[PlyCount "88"]
[EventDate "2022.08.12"]
[EventType "team-swiss"]
[EventRounds "7"]
[EventCountry "GRE"]
[SourceTitle "CBM 209 Extra"]
[Source "ChessBase"]
[SourceDate "2022.09.30"]
[SourceVersion "1"]
[SourceVersionDate "2022.09.30"]
[SourceQuality "1"]
[WhiteTeam "Kalamarias"]
[BlackTeam "Kallithea"]
[WhiteTeamCountry "GRE"]
[BlackTeamCountry "GRE"]

1. d4 Nf6 2. Nf3 g6 3. Bg5 Bg7 4. e3 0-0 5. Be2 d6 6. 0-0 Nbd7 7. c3 h6 8. Bh4 e5 9. Nbd2 Qe8 10. Ne1 b6 11. Bg3 Bb7 12. Nd3 a5 13. h3 g5 14. b3 e4 15. Nb2 Nd5 16. Rc1 f5 17. c4 Ne7 18. Bh5 Ng6 19. Na4 Nf6 20. Nc3 f4 21. Bh2 f3 22. gxf3 Nxh5 23. fxe4 Nh4 24. Nd5 Nf6 25. f3 Qd7 26. Rf2 Qxh3 27. Qf1 Qxf1+ 28. Rcxf1 Rf7 29. Bg3 Ng6 30. f4 Nxd5 31. cxd5 gxf4 32. Bxf4 Ba6 33. Nc4 Bxc4 34. bxc4 Re8 35. c5 Nxf4 36. Rxf4 Rxf4 37. Rxf4 bxc5 38. dxc5 dxc5 39. Kf2 Be5 40. Rh4 Kg7 41. Ke2 c4 42. Rh5 Bd6 43. Rh4 Kg6 44. Rg4+ Kh5 0-1

[Event "GRE-chT2 48th"]
[Site "Thessaloniki"]
[Date "2021.10.10"]
[Round "7.3"]
[White "Bizopoulos, Alexandros"]
[Black "Papadopoulos, Argirios"]
[Result "1/2-1/2"]
[WhiteElo "2042"]
[BlackElo "2165"]
[PlyCount "81"]
[EventDate "2021.10.05"]
[EventType "team-swiss"]
[EventRounds "7"]
[EventCountry "GRE"]
[SourceTitle "CBM 204 Extra"]
[Source "ChessBase"]
[SourceDate "2021.11.30"]
[SourceVersion "1"]
[SourceVersionDate "2021.11.30"]
[SourceQuality "1"]
[WhiteTeam "Kalamarias ES"]
[BlackTeam "Chania SA"]
[WhiteTeamCountry "GRE"]
[BlackTeamCountry "GRE"]

1. Nf3 Nf6 2. g3 b5 3. d3 Bb7 4. Bg2 e6 5. 0-0 c5 6. a4 b4 7. e4 d6 8. Nbd2 Be7 9. Nc4 0-0 10. e5 Ne8 11. exd6 Nxd6 12. Nfe5 Bxg2 13. Kxg2 Nxc4 14. Nxc4 Qd5+ 15. Qf3 Nc6 16. Be3 Bf6 17. Rae1 Rfd8 18. b3 Rd7 19. Qxd5 exd5 20. Nd2 Bc3 21. Rd1 Bxd2 22. Rxd2 d4 23. Bf4 Re8 24. Rdd1 Rde7 25. Bd2 f5 26. Rfe1 Kf7 27. Rxe7+ Rxe7 28. Re1 Rxe1 29. Bxe1 g5 30. Bd2 Kf6 31. h3 Ne7 32. h4 gxh4 33. gxh4 Nd5 34. Kf3 Kg6 35. Bf4 Nxf4 36. Kxf4 Kf6 37. f3 h6 38. Kg3 Ke5 39. f4+ Kd5 40. Kf3 h5 41. Ke2 1/2-1/2

[Event "Thessaloniki/Chalkidiki-chT"]
[Site "Thessaloniki/Chalkidiki"]
[Date "2019.01.13"]
[Round "1.2"]
[White "Gavriilidis, Georgios"]
[Black "Bizopoulos, Alexandros"]
[Result "1-0"]
[WhiteElo "2141"]
[BlackElo "2075"]
[PlyCount "53"]
[EventDate "2019.01.13"]
[EventType "team-tourn"]
[EventRounds "9"]
[EventCountry "GRE"]
[SourceTitle "EXT 2020"]
[Source "ChessBase"]
[SourceDate "2019.10.17"]
[SourceVersion "1"]
[SourceVersionDate "2019.10.17"]
[SourceQuality "1"]
[WhiteTeam "Thessaloniki Aris"]
[BlackTeam "Kalamarias ES"]
[WhiteTeamCountry "GRE"]
[BlackTeamCountry "GRE"]

1. d4 Nf6 2. c4 g6 3. Nc3 d5 4. Nf3 Bg7 5. h4 c6 6. Bg5 dxc4 7. e4 b5 8. e5 Nd5 9. h5 Nxc3 10. bxc3 h6 11. hxg6 hxg5 12. Rxh8+ Bxh8 13. gxf7+ Kxf7 14. Nxg5+ Kg6 15. Qf3 Kxg5 16. Qf7 Bf5 17. g3 Qd5 18. f4+ Kg4 19. Be2+ Kxg3 20. Qxf5 Qh1+ 21. Bf1 Qh4 22. a4 Kf3+ 23. Kd1 Qf2 24. Qh3+ Kxf4 25. Be2 Nd7 26. Kd2 b4 27. Qg4# 1-0

[Event "Kavala op 18th"]
[Site "Kavala"]
[Date "2009.08.03"]
[Round "4"]
[White "Khukhashvili, Sopiko"]
[Black "Bizopoulos, Alexandros"]
[Result "1-0"]
[WhiteElo "2430"]
[BlackElo "2128"]
[PlyCount "57"]
[EventDate "2009.08.01"]
[EventType "swiss"]
[EventRounds "9"]
[EventCountry "GRE"]
[SourceTitle "CBM 131 Extra"]
[Source "ChessBase"]
[SourceDate "2009.09.03"]
[SourceVersion "2"]
[SourceVersionDate "2009.09.16"]
[SourceQuality "1"]

1. e4 c5 2. Nf3 e6 3. c3 Nf6 4. e5 Nd5 5. d4 cxd4 6. cxd4 b6 7. a3 d6 8. Bb5+ Bd7 9. Bd3 Nc6 10. 0-0 Qc7 11. Qe2 Be7 12. Bd2 0-0 13. Nc3 Na5 14. Rac1 Qb7 15. Bg5 Bc6 16. Qe4 g6 17. Qh4 f6 18. Nxd5 fxg5 19. Nxe7+ Qxe7 20. Nxg5 Qb7 21. exd6 Rfd8 22. d5 exd5 23. b4 Nc4 24. Rxc4 dxc4 25. Bxc4+ Bd5 26. Bxd5+ Qxd5 27. Qxh7+ Kf8 28. Qh8+ Qg8 29. Qf6+ 1-0

[Event "GRE-ch U20"]
[Site "Greece"]
[Date "2009.01.04"]
[Round "4"]
[White "Lakafosis, Ioannis"]
[Black "Bizopoulos, Alexandros"]
[Result "0-1"]
[WhiteElo "1930"]
[BlackElo "2146"]
[PlyCount "46"]
[EventDate "2009.01.02"]
[EventType "swiss"]
[EventRounds "9"]
[EventCountry "GRE"]
[SourceTitle "EXT 2011"]
[Source "ChessBase"]
[SourceDate "2010.11.26"]
[SourceVersion "1"]
[SourceVersionDate "2010.11.26"]
[SourceQuality "1"]

1. Nf3 c5 2. c4 Nc6 3. d4 cxd4 4. Nxd4 g6 5. Nc3 Bg7 6. Nc2 d6 7. e4 Nh6 8. Be2 f5 9. 0-0 0-0 10. f4 Be6 11. Be3 Rc8 12. Qd2 Qa5 13. Rab1 fxe4 14. b4 Bxc3 15. Qxc3 Qd8 16. Rbd1 Bg4 17. f5 Bxe2 18. Bxh6 Rf6 19. Bg5 Rf7 20. fxg6 Rxf1+ 21. Rxf1 Bxf1 22. Qh3 hxg6 23. Qh6 Ne5 0-1

[Event "GRE-ch U20"]
[Site "Greece"]
[Date "2009.01.03"]
[Round "2"]
[White "Malamatas, Konstantinos"]
[Black "Bizopoulos, Alexandros"]
[Result "1-0"]
[WhiteElo "1968"]
[BlackElo "2146"]
[PlyCount "77"]
[EventDate "2009.01.02"]
[EventType "swiss"]
[EventRounds "9"]
[EventCountry "GRE"]
[SourceTitle "EXT 2011"]
[Source "ChessBase"]
[SourceDate "2010.11.26"]
[SourceVersion "1"]
[SourceVersionDate "2010.11.26"]
[SourceQuality "1"]

1. e4 c5 2. Nf3 e6 3. d4 cxd4 4. Nxd4 Nf6 5. Nc3 Nc6 6. Nxc6 bxc6 7. e5 Nd5 8. Ne4 Qa5+ 9. c3 f5 10. exf6 Nxf6 11. Nd6+ Bxd6 12. Qxd6 Ba6 13. Bd3 Nd5 14. Qg3 Nxc3 15. Bd2 Bxd3 16. Bxc3 Qf5 17. 0-0-0 Bb1 18. Rd2 Bxa2 19. Rd3 Rf8 20. Rhd1 Bd5 21. Qxg7 Qxf2 22. R3d2 Qf7 23. Qh6 a5 24. Be5 Qg6 25. Qh4 Rf5 26. Bd6 Qf7 27. Qd4 Qf6 28. Qg4 Qg6 29. Qh4 Qf7 30. Rd4 e5 31. Rg4 Rf6 32. Rg8+ Qxg8 33. Qxf6 Qf7 34. Qh8+ Qg8 35. Qxe5+ Be6 36. Rf1 Rc8 37. Qh5+ Bf7 38. Re1+ Kd8 39. Qh4+ 1-0

[Event "Wch U18"]
[Site "Vung Tau"]
[Date "2008.10.29"]
[Round "10"]
[White "Bizopoulos, Alexandros"]
[Black "Klimov, Anton"]
[Result "0-1"]
[WhiteElo "2150"]
[BlackElo "2451"]
[PlyCount "76"]
[EventDate "2008.10.20"]
[EventType "swiss"]
[EventRounds "11"]
[EventCountry "VIE"]
[SourceTitle "EXT 2009"]
[Source "ChessBase"]
[SourceDate "2008.11.26"]
[SourceVersion "1"]
[SourceVersionDate "2008.11.26"]
[SourceQuality "1"]

1. e4 c5 2. Nf3 d6 3. d4 cxd4 4. Nxd4 Nf6 5. Nc3 a6 6. Rg1 e5 7. Nb3 Be6 8. g4 d5 9. exd5 Nxd5 10. Nxd5 Qxd5 11. Be3 Nc6 12. Qxd5 Bxd5 13. 0-0-0 0-0-0 14. Bb6 Rd6 15. c4 Be4 16. Rxd6 Bxd6 17. Nd2 Bg6 18. a3 Bc7 19. Bxc7 Kxc7 20. Rg3 h5 21. g5 h4 22. Rg1 Nd4 23. b4 b6 24. Kb2 Rd8 25. Kc3 Bf5 26. a4 a5 27. bxa5 bxa5 28. c5 Ne6 29. Bb5 Nxc5 30. Nc4 Rd3+ 31. Kb2 Rf3 32. Nxe5 Rxf2+ 33. Kc3 Rxh2 34. Rf1 Be6 35. Nxf7 h3 36. g6 Rf2 37. Rd1 Ne4+ 38. Kd3 Bd5 0-1

[Event "Wch U18"]
[Site "Vung Tau"]
[Date "2008.10.23"]
[Round "5"]
[White "Carlstedt, Jonathan"]
[Black "Bizopoulos, Alexandros"]
[Result "1-0"]
[WhiteElo "2286"]
[BlackElo "2150"]
[PlyCount "65"]
[EventDate "2008.10.20"]
[EventType "swiss"]
[EventRounds "11"]
[EventCountry "VIE"]
[SourceTitle "EXT 2009"]
[Source "ChessBase"]
[SourceDate "2008.11.26"]
[SourceVersion "1"]
[SourceVersionDate "2008.11.26"]
[SourceQuality "1"]

1. c4 b6 2. Nc3 c5 3. e4 Nc6 4. g3 g6 5. Bg2 Bg7 6. Nge2 e6 7. f4 Nge7 8. a3 Bb7 9. 0-0 0-0 10. Rb1 Nd4 11. b4 cxb4 12. axb4 d5 13. cxd5 exd5 14. e5 Nxe2+ 15. Nxe2 Qd7 16. d4 Ba6 17. Rf3 Bxe2 18. Qxe2 Rac8 19. Qf2 f5 20. b5 Rc7 21. Ra3 Rfc8 22. Rd3 Kf7 23. Be3 Ke6 24. Qf3 Bf8 25. h4 h5 26. Kh2 Rc2 27. Bf2 Rc1 28. Rxc1 Rxc1 29. Ra3 Qxb5 30. Rxa7 Rc2 31. Rb7 Qb2 32. Rxe7+ Bxe7 33. Qxd5# 1-0

[Event "GRE-ch U18"]
[Site "Kalamata"]
[Date "2008.01.05"]
[Round "4"]
[White "Bizopoulos, Alexandros"]
[Black "Malikentzos, Sotirios"]
[Result "1-0"]
[WhiteElo "1925"]
[BlackElo "1655"]
[PlyCount "91"]
[EventDate "2008.01.02"]
[EventType "swiss"]
[EventRounds "9"]
[EventCountry "GRE"]
[SourceTitle "EXT 2010"]
[Source "ChessBase"]
[SourceDate "2010.11.25"]
[SourceVersion "1"]
[SourceVersionDate "2010.11.25"]
[SourceQuality "1"]

1. e4 c6 2. d4 d5 3. exd5 cxd5 4. c4 Nf6 5. Nc3 e6 6. Nf3 Bb4 7. Bd2 0-0 8. c5 b6 9. a3 Bxc3 10. Bxc3 Ne4 11. Rc1 bxc5 12. dxc5 Nxc3 13. Rxc3 Nc6 14. Bb5 Bd7 15. 0-0 Rb8 16. Bxc6 Bxc6 17. b4 a5 18. Nd4 Qc7 19. Qh5 axb4 20. Rh3 h6 21. Rg3 Bb5 22. Qg4 f5 23. Qg6 Bxf1 24. Nxe6 Qf7 25. Qxh6 Rb7 26. Nxg7 Qxg7 27. Rxg7+ Rxg7 28. Kxf1 bxa3 29. Qa6 Rc7 30. Qxa3 Rfc8 31. Qg3+ Kf7 32. Qe5 Rxc5 33. Qxf5+ Ke7 34. g4 Rd8 35. g5 Rc6 36. g6 Rf8 37. Qe5+ Re6 38. Qg7+ Ke8 39. Qh7 Ref6 40. g7 Rxf2+ 41. Ke1 Rf1+ 42. Kd2 R1f2+ 43. Kd3 R2f3+ 44. Kd4 R8f4+ 45. Kc5 Rc3+ 46. Kxd5 1-0

[Event "GRE-ch U18"]
[Site "Kalamata"]
[Date "2008.01.05"]
[Round "5"]
[White "Filippas, Sebastian"]
[Black "Bizopoulos, Alexandros"]
[Result "0-1"]
[WhiteElo "2015"]
[BlackElo "1925"]
[PlyCount "106"]
[EventDate "2008.01.02"]
[EventType "swiss"]
[EventRounds "9"]
[EventCountry "GRE"]
[SourceTitle "EXT 2010"]
[Source "ChessBase"]
[SourceDate "2010.11.25"]
[SourceVersion "1"]
[SourceVersionDate "2010.11.25"]
[SourceQuality "1"]

1. d4 Nf6 2. c4 Nc6 3. Nf3 e6 4. a3 d6 5. Nc3 g6 6. g3 Bg7 7. Bg2 0-0 8. 0-0 Re8 9. h3 a6 10. e4 e5 11. Be3 Rb8 12. d5 Ne7 13. c5 Nd7 14. cxd6 cxd6 15. Nd2 b5 16. g4 f5 17. f3 Nf6 18. b4 h5 19. g5 Nh7 20. h4 f4 21. Bf2 Kh8 22. a4 Ng8 23. Kh2 Nxg5 24. hxg5 Qxg5 25. axb5 axb5 26. Ra7 Qh6 27. Rh1 g5 28. Kg1 Qg6 29. Kf1 Nh6 30. Nb3 g4 31. Na5 g3 32. Bg1 Bf6 33. Nc6 Rb7 34. Qa1 h4 35. Rxb7 Bxb7 36. Nxb5 Bxc6 37. dxc6 Qg8 38. Nxd6 Ra8 39. Qd1 Be7 40. Bc5 Bxd6 41. Bxd6 Qc4+ 42. Kg1 Qc3 43. Bf1 Qe3+ 44. Kg2 Qf2+ 45. Kh3 Nf7 46. Bc5 g2 47. Bxf2 gxh1Q+ 48. Kg4 Qh2 49. Qd2 Kg7 50. Kf5 Rd8 51. Qe2 Rd6 52. c7 Rf6+ 53. Kg4 Kg6 0-1

[Event "Kalamaria op 3rd"]
[Site "Kalamaria"]
[Date "2006.09.02"]
[Round "5"]
[White "Hakki, Imad"]
[Black "Bizopoulos, Alexandros"]
[Result "1-0"]
[WhiteElo "2447"]
[BlackElo "2048"]
[PlyCount "101"]
[EventDate "2006.08.30"]
[EventType "swiss"]
[EventRounds "9"]
[EventCountry "GRE"]
[SourceTitle "EXT 2007"]
[Source "ChessBase"]
[SourceDate "2006.11.23"]
[SourceVersion "1"]
[SourceVersionDate "2006.11.23"]
[SourceQuality "1"]

1. e4 c5 2. Nc3 d6 3. f4 Nc6 4. Nf3 g6 5. Bc4 Bg7 6. 0-0 e6 7. d3 Nge7 8. Qe1 0-0 9. f5 exf5 10. Qh4 h5 11. Bg5 Be6 12. Nd5 Re8 13. Nf6+ Bxf6 14. Bxf6 Bxc4 15. dxc4 Qd7 16. Qg5 Kh7 17. Qf4 Ne5 18. Ng5+ Kg8 19. Rad1 N7c6 20. exf5 Nd4 21. Rxd4 cxd4 22. fxg6 fxg6 23. Qxd4 Qc6 24. Qf4 Rf8 25. Ne6 Kh7 26. Ng5+ Kg8 27. Ne6 Kh7 28. b3 Ng4 29. Qg5 Qd7 30. Nxf8+ Rxf8 31. h3 Nxf6 32. Rxf6 Rxf6 33. Qxf6 Qc7 34. Kf1 a6 35. Qe6 b5 36. Ke2 Qb6 37. Qe7+ Kh6 38. Qe3+ Qxe3+ 39. Kxe3 bxc4 40. bxc4 Kg5 41. g3 Kf5 42. Kd4 Ke6 43. c5 Kd7 44. Kd5 dxc5 45. Kxc5 Kc7 46. a4 g5 47. a5 h4 48. g4 Kb7 49. Kd6 Kb8 50. Kc6 Ka7 51. Kc7 1-0

[Event "GRE-chT 35th"]
[Site "Ermioni Argolidas"]
[Date "2006.07.08"]
[Round "7"]
[White "Bizopoulos, Alexandros"]
[Black "Papadopoulos, Nikolaos"]
[Result "1-0"]
[WhiteElo "2048"]
[BlackElo "2152"]
[PlyCount "91"]
[EventDate "2006.07.03"]
[EventType "team"]
[EventRounds "9"]
[EventCountry "GRE"]
[SourceTitle "CBM 113 Extra"]
[Source "ChessBase"]
[SourceDate "2006.09.14"]
[SourceVersion "1"]
[SourceVersionDate "2006.09.14"]
[SourceQuality "1"]

1. e4 c5 2. Nf3 Nc6 3. d4 cxd4 4. Nxd4 g6 5. Nc3 Bg7 6. Nb3 Nf6 7. Be2 0-0 8. 0-0 d6 9. Re1 a6 10. Bf1 Bd7 11. Nd5 Nxd5 12. exd5 Ne5 13. c3 Rc8 14. Be3 Nc4 15. Bxc4 Rxc4 16. Bd4 Bf6 17. Nd2 Rc8 18. Bxf6 exf6 19. Ne4 Bf5 20. Ng3 Bd7 21. Ne4 Bf5 22. Qd4 Bxe4 23. Rxe4 f5 24. Re3 Re8 25. Rae1 Qd7 26. h4 h5 27. a4 Rxe3 28. Rxe3 Re8 29. a5 Rxe3 30. fxe3 Qb5 31. b4 Qe2 32. Kh2 Qe1 33. Kh3 Qh1+ 34. Kg3 Qe1+ 35. Kh3 Qe2 36. c4 Qe1 37. c5 dxc5 38. bxc5 Qxa5 39. d6 Qd8 40. g3 Kh7 41. d7 Kg8 42. Qd5 Kf8 43. Qxb7 Ke7 44. c6 Qa5 45. d8Q+ Kxd8 46. Qd7# 1-0

[Event "GRE-chT 35th"]
[Site "Ermioni Argolidas"]
[Date "2006.07.07"]
[Round "5"]
[White "Bizopoulos, Alexandros"]
[Black "Pavlidis, Antonios"]
[Result "1/2-1/2"]
[WhiteElo "2048"]
[BlackElo "2101"]
[PlyCount "108"]
[EventDate "2006.07.03"]
[EventType "team"]
[EventRounds "9"]
[EventCountry "GRE"]
[SourceTitle "CBM 113 Extra"]
[Source "ChessBase"]
[SourceDate "2006.09.14"]
[SourceVersion "1"]
[SourceVersionDate "2006.09.14"]
[SourceQuality "1"]

1. Nf3 Nf6 2. c4 c5 3. Nc3 d5 4. cxd5 Nxd5 5. g3 Nb4 6. d3 N4c6 7. Bg2 e5 8. 0-0 Be7 9. a3 Be6 10. Ne4 Bd5 11. Nc3 Be6 12. Ne4 Bd5 13. Qc2 Nd7 14. b3 f6 15. Be3 Rc8 16. Rfc1 0-0 17. Qb1 Nd4 18. Bxd4 cxd4 19. Ned2 Nc5 20. a4 Qd7 21. Ne1 Bxg2 22. Kxg2 Rc6 23. b4 Ne6 24. Qb3 Rfc8 25. Rc4 Rxc4 26. dxc4 Qc6+ 27. f3 f5 28. c5 Bf6 29. Nd3 Kh8 30. b5 Qd7 31. Rc1 Nd8 32. Nb4 Be7 33. c6 Qd6 34. Rc4 bxc6 35. Nxc6 Bg5 36. Nxd8 Rxd8 37. Rc6 Qd7 38. Nc4 Bf6 39. Nd6 Rf8 40. Qc4 h6 41. Qc5 Rd8 42. Rc8 Kh7 43. Rxd8 Qxd8 44. Nxf5 d3 45. exd3 Qxd3 46. Ne3 Qe2+ 47. Kg1 Qxf3 48. Qxa7 e4 49. Qc5 g6 50. Qc7+ Kg8 51. Qf4 Qe2 52. Qxe4 Qe1+ 53. Kg2 Qe2+ 54. Kg1 Qe1+ 1/2-1/2

[Event "GRE-ch U18"]
[Site "Athens"]
[Date "2006.01.08"]
[Round "8.4"]
[White "Pashos, Alexandros"]
[Black "Bizopoulos, Alexandros"]
[Result "0-1"]
[WhiteElo "2050"]
[BlackElo "2026"]
[PlyCount "120"]
[EventDate "2006.01.03"]
[EventType "swiss"]
[EventRounds "9"]
[EventCountry "GRE"]
[SourceTitle "EXT 2024"]
[Source "ChessBase"]
[SourceDate "2023.10.10"]
[SourceVersion "1"]
[SourceVersionDate "2023.10.10"]
[SourceQuality "1"]

1. c4 e5 2. g3 c6 3. d4 exd4 4. Qxd4 d5 5. cxd5 cxd5 6. Bg2 Nf6 7. Nf3 Nc6 8. Qa4 Bc5 9. 0-0 0-0 10. Qc2 Ne4 11. Nc3 Nb4 12. Qd1 Be6 13. Na4 Be7 14. a3 Nc6 15. Qd3 Qa5 16. Nc3 Nxc3 17. bxc3 Bf6 18. Bd2 g6 19. Nd4 Ne5 20. Qb5 Qxb5 21. Nxb5 Nc4 22. Rfd1 a6 23. Nd4 Rac8 24. Be1 Rfd8 25. a4 Rd6 26. f4 Ne3 27. Rd3 Nxg2 28. Kxg2 Rb6 29. Ra2 Rc4 30. Rd1 Kg7 31. Bf2 Rd6 32. e4 Rd8 33. Rb2 Rxa4 34. Rxb7 Bxd4 35. Bxd4+ Kf8 36. Bf6 Ra2+ 37. Kg1 Bg4 38. Rxd5 Ra1+ 39. Kf2 Ra2+ 40. Ke3 Re8 41. Kd4 Be6 42. Rc5 Rd2+ 43. Ke3 Rxh2 44. Ra7 Ra2 45. Kd3 Rg2 46. Bh4 Ra2 47. f5 gxf5 48. exf5 Bb3 49. Bf6 Bc2+ 50. Kc4 Ra4+ 51. Kd5 Bxf5 52. Kd6 Re6+ 53. Kc7 Rxf6 54. Kb7 Kg7 55. Kc7 Bd3 56. Kd8 Rc4 57. Re5 Rxc3 58. g4 Bg6 59. Ke8 Rcc6 60. g5 Rfe6+ 0-1

[Event "GRE-ch U18"]
[Site "Athens"]
[Date "2006.01.06"]
[Round "6.4"]
[White "Mouhsiadis, Nikolaos"]
[Black "Bizopoulos, Alexandros"]
[Result "0-1"]
[WhiteElo "2044"]
[BlackElo "2026"]
[PlyCount "54"]
[EventDate "2006.01.03"]
[EventType "swiss"]
[EventRounds "9"]
[EventCountry "GRE"]
[SourceTitle "EXT 2024"]
[Source "ChessBase"]
[SourceDate "2023.10.10"]
[SourceVersion "1"]
[SourceVersionDate "2023.10.10"]
[SourceQuality "1"]

1. d4 Nf6 2. c4 d6 3. Nc3 Bf5 4. Nf3 g6 5. Bg5 Bg7 6. h3 Ne4 7. Nxe4 Bxe4 8. Nd2 Bf5 9. e4 Bd7 10. Nb3 0-0 11. Qd2 c6 12. Be2 Re8 13. h4 a5 14. 0-0-0 a4 15. Na1 c5 16. h5 Nc6 17. hxg6 fxg6 18. Qf4 a3 19. Nb3 axb2+ 20. Kb1 Qb6 21. Qh4 Qa6 22. Kc2 Qxa2 23. Rb1 Nb4+ 24. Kc3 Ra3 25. Qxh7+ Kf8 26. Bd1 Qxb1 27. Bh6 Qc1+ 0-1

[Event "GRE-ch U18"]
[Site "Athens"]
[Date "2006.01.04"]
[Round "2.6"]
[White "Giannopoulos, Mihail"]
[Black "Bizopoulos, Alexandros"]
[Result "1-0"]
[WhiteElo "1843"]
[BlackElo "2026"]
[PlyCount "105"]
[EventDate "2006.01.03"]
[EventType "swiss"]
[EventRounds "9"]
[EventCountry "GRE"]
[SourceTitle "EXT 2024"]
[Source "ChessBase"]
[SourceDate "2023.10.10"]
[SourceVersion "1"]
[SourceVersionDate "2023.10.10"]
[SourceQuality "1"]

1. c4 e5 2. g3 Nf6 3. Bg2 Nc6 4. Nc3 Bc5 5. e3 0-0 6. Nge2 Re8 7. 0-0 d6 8. a3 a5 9. d3 Bg4 10. h3 Bh5 11. Rb1 Nd7 12. Nd5 Nb6 13. Nxb6 Bxb6 14. b4 axb4 15. axb4 Bxe2 16. Qxe2 f5 17. Qc2 Qe7 18. Bd2 e4 19. Rfc1 Ra7 20. d4 Bxd4 21. exd4 Nxd4 22. Qb2 Ne2+ 23. Kh2 Nxc1 24. Rxc1 Rea8 25. Qd4 Qf7 26. f3 Ra3 27. fxe4 Qg6 28. Bf4 fxe4 29. Bxe4 Ra2+ 30. Kg1 Qf6 31. Qd5+ Kh8 32. Rf1 Qb2 33. g4 Qxb4 34. Qh5 Qc5+ 35. Qxc5 dxc5 36. Bxc7 R2a7 37. Bb6 Ra1 38. Rxa1 Rxa1+ 39. Kg2 Ra8 40. Kg3 h6 41. Kf4 Re8 42. Bd5 Re2 43. Bxc5 Rb2 44. Bd4 Rb4 45. Kf5 Kh7 46. Ke5 Kg6 47. h4 h5 48. Be4+ Kf7 49. gxh5 Kg8 50. Bc5 Rb3 51. Be7 Kf7 52. Bg5 Rc3 53. Bxb7 1-0

[Event "Attica-ch U16"]
[Site "Athens"]
[Date "2006.??.??"]
[Round "7.4"]
[White "Bizopoulos, Alexandros"]
[Black "Hristodoulou, Panagiotis"]
[Result "0-1"]
[WhiteElo "2026"]
[BlackElo "1927"]
[PlyCount "104"]
[EventDate "2006.12.27"]
[EventType "swiss"]
[EventRounds "9"]
[EventCountry "GRE"]
[SourceTitle "EXT 2024"]
[Source "ChessBase"]
[SourceDate "2023.10.10"]
[SourceVersion "1"]
[SourceVersionDate "2023.10.10"]
[SourceQuality "1"]

1. e4 Nf6 2. e5 Nd5 3. d4 d6 4. Nf3 g6 5. Bc4 dxe5 6. Nxe5 c6 7. 0-0 Bg7 8. h3 0-0 9. Re1 Be6 10. Bb3 Nd7 11. Nf3 Nc7 12. Bg5 Nf6 13. c3 Qc8 14. Nbd2 Bxb3 15. Qxb3 Ne6 16. Bxf6 Bxf6 17. Ne4 Bg7 18. Ne5 Bxe5 19. dxe5 Qc7 20. Ng3 Rfd8 21. Re3 b6 22. Qc4 Rd2 23. Re2 Rxe2 24. Qxe2 Rd8 25. Qe3 Qd7 26. Ne4 Qd5 27. f4 Qd3 28. Kf2 Qc2+ 29. Qe2 Qxe2+ 30. Kxe2 Nxf4+ 31. Kf1 Rd5 32. Nf2 Rxe5 33. Rd1 Rd5 34. Rxd5 Nxd5 35. Nd3 f6 36. Ke2 g5 37. g3 a5 38. a3 Kf7 39. c4 Nc7 40. b4 axb4 41. Nxb4 c5 42. Nc6 f5 43. Ke3 Kf6 44. Nb8 Ke6 45. Nc6 h5 46. Nd8+ Kf6 47. Nc6 e5 48. Nb8 Ke6 49. Nc6 Ne8 50. Nd8+ Kf6 51. Nb7 Ke7 52. a4 Nd6 0-1

[Event "Attica-ch U16"]
[Site "Athens"]
[Date "2006.??.??"]
[Round "5.7"]
[White "Bizopoulos, Alexandros"]
[Black "Panagiotakos, Nikolaos"]
[Result "1/2-1/2"]
[WhiteElo "2026"]
[BlackElo "1987"]
[PlyCount "89"]
[EventDate "2006.12.27"]
[EventType "swiss"]
[EventRounds "9"]
[EventCountry "GRE"]
[SourceTitle "EXT 2024"]
[Source "ChessBase"]
[SourceDate "2023.10.10"]
[SourceVersion "1"]
[SourceVersionDate "2023.10.10"]
[SourceQuality "1"]

1. e4 e5 2. Nf3 Nc6 3. Bb5 a6 4. Ba4 Nf6 5. 0-0 Be7 6. Re1 b5 7. Bb3 0-0 8. h3 d6 9. c3 Bb7 10. d4 h6 11. Nbd2 Re8 12. Nf1 Bf8 13. Ng3 g6 14. Bc2 Bg7 15. b3 exd4 16. cxd4 Nb4 17. Bb1 c5 18. Bb2 Qb6 19. Qd2 Nc6 20. e5 dxe5 21. dxe5 Red8 22. Qf4 Nd5 23. Qg4 Bc8 24. Qe4 Nde7 25. Qe3 Re8 26. Ne4 Nd5 27. Qxc5 Qxc5 28. Nxc5 Bf5 29. Bxf5 gxf5 30. a3 Nf4 31. Rad1 Ng6 32. Rd5 Rad8 33. Rxd8 Rxd8 34. Nxa6 Rd3 35. Nc5 Rd5 36. Rc1 Ncxe5 37. Nxe5 Nxe5 38. Bxe5 Bxe5 39. b4 Bb2 40. Rb1 Bxa3 41. Na6 Rd7 42. Nc5 Rd5 43. Na6 Rd7 44. Nc5 Rd5 45. Na6 1/2-1/2